Load adaptive dynamic scheduling of tasks with hard deadlines useful or industrial applications.
Prehľad a analýza všetkých implicitných vlastností disciplíny rozvrhovania úloh s najskorším termínom. Prezentácia najvýhodnejšej dostupnej schémy, charakterizovanej efektívnosťou a umožňujúcou predvidateľné správanie systému. Odvodenie postačujúcej podmienky pre určenie plánovateľnosti úlohy.
Salvato in:
| Autore principale: | |
|---|---|
| Natura: | Capitolo di libro |
| Lingua: | inglese |
| Soggetti: | |
| Tags: |
Nessun Tag, puoi essere il primo ad aggiungerne!!
|
MARC
| LEADER | 00000naa a2200000 4500 | ||
|---|---|---|---|
| 001 | r009944 | ||
| 005 | 20221130112643.2 | ||
| 041 | 0 | |a eng | |
| 044 | |a AT | ||
| 245 | 1 | 0 | |a Load adaptive dynamic scheduling of tasks with hard deadlines useful or industrial applications. |c W.A. Halang |
| 520 | |a Prehľad a analýza všetkých implicitných vlastností disciplíny rozvrhovania úloh s najskorším termínom. Prezentácia najvýhodnejšej dostupnej schémy, charakterizovanej efektívnosťou a umožňujúcou predvidateľné správanie systému. Odvodenie postačujúcej podmienky pre určenie plánovateľnosti úlohy. | ||
| 610 | 2 | 0 | |a rozvrhovanie výroby |
| 610 | 2 | 0 | |a metódy ekonomicko-matematické |
| 610 | 2 | 0 | |a priemysel |
| 100 | 1 | |a Halang, W.A. | |